000 00706nas a2200241 4500
001 BR7905186
003 BR-BrBNA
005 20231205083908.0
007 ta
008 230509b bl.|||p| |||| 00| 00por d
040 _aBR-BrBNA
_bpor
_cBiblioteca Nacional de Agricultura
041 _a(Pt)
072 _aK50
100 1 _aZavalla, J.A.
245 1 _aConsideracoes sobre compensado sarrafeado [Industria florestal; Madeira]
650 _aIndustria florestal
650 _aMadeira
650 _aFloresta
650 _aCompensado
773 0 _tBrasil Madeira (Brazil)
_xISSN 0100-3119
_g(Apr 1979), v. 3(28) p. 16-18
_wBR7905186
909 _a202311
_bLúcia
_c55
_dLúcia Elande
942 _2AGRIS
_n0
_cANA
999 _c101887
_d101887